00250nam a22000737a 4500100003200000245008000032260005500112300000900167 aDissanayake, Oshadhi Vindya aDegradation of industrial Effluent using titanium Dioxide as photocatalyst/ aRajagiriya.bInstitute of chemical science,c2017. a38p;